[Event "Val Thorens op"]
[Site "Val Thorens"]
[Date "2009.??.??"]
[Round "6"]
[White "Gladyszev, Oleg"]
[Black "Marcantoni, Herve"]
[Result "1-0"]
[WhiteElo "2447"]
[BlackElo "2212"]
[PlyCount "73"]
[EventDate "2009.07.18"]
[EventType "swiss"]
[EventRounds "9"]
[EventCountry "FRA"]
[SourceTitle "CBM 131 Extra"]
[Source "ChessBase"]
[SourceDate "2009.09.03"]
[SourceVersion "2"]
[SourceVersionDate "2009.09.16"]
[SourceQuality "1"]

1. d4 d6 2. Nf3 g6 3. c4 Bg7 4. Nc3 Nf6 5. e4 0-0 6. Be2 c5 7. 0-0 cxd4 8. Nxd4 Nc6 9. Be3 Nxd4 10. Bxd4 Bd7 11. Qd2 Bc6 12. f3 a5 13. b3 Nd7 14. Be3 Nc5 15. Rab1 e6 16. Rfc1 Be5 17. Bg5 Qb6 18. Kh1 f5 19. exf5 Rxf5 20. Be3 Raf8 21. Nd1 Be4 22. fxe4 Rf1+ 23. Bxf1 Rxf1+ 24. Bg1 Nxe4 25. c5 Nxd2 26. cxb6 Nxb1 27. Rxb1 Bd4 28. Nc3 Rxb1 29. Nxb1 Bxg1 30. Kxg1 Kf7 31. Kf2 Ke7 32. Ke3 Kd7 33. Nd2 Kc6 34. a4 Kxb6 35. Nc4+ Kc5 36. Nxa5 b6 37. Nb7+ 1-0

[Event "Val Thorens op"]
[Site "Val Thorens"]
[Date "2009.??.??"]
[Round "7"]
[White "Marcantoni, Herve"]
[Black "Jeannerot, Lea"]
[Result "0-1"]
[WhiteElo "2212"]
[BlackElo "1950"]
[PlyCount "74"]
[EventDate "2009.07.18"]
[EventType "swiss"]
[EventRounds "9"]
[EventCountry "FRA"]
[SourceTitle "CBM 131 Extra"]
[Source "ChessBase"]
[SourceDate "2009.09.03"]
[SourceVersion "2"]
[SourceVersionDate "2009.09.16"]
[SourceQuality "1"]

1. e4 c6 2. d4 d5 3. e5 Bf5 4. Nc3 e6 5. g4 Bg6 6. Nge2 h6 7. h4 c5 8. h5 Bh7 9. Be3 c4 10. Bg2 Nc6 11. b3 cxb3 12. axb3 Nb4 13. Rc1 Rc8 14. 0-0 g6 15. Nb5 a6 16. Nd6+ Bxd6 17. exd6 Qxd6 18. Bf4 Qe7 19. c4 gxh5 20. cxd5 Rxc1 21. Qxc1 Nxd5 22. Bxd5 exd5 23. Ng3 Kd8 24. Re1 Qd7 25. Qc5 Ne7 26. Qb6+ Kc8 27. Qa7 Kd8 28. Be5 Re8 29. Qb6+ Kc8 30. Bd6 h4 31. Nf5 Bxf5 32. Bxe7 Rxe7 33. Rc1+ Kb8 34. gxf5 Re8 35. Qxh6 Rg8+ 36. Kh2 Qxf5 37. Qxh4 Rg4 0-1

[Event "FRA-ch op-A"]
[Site "Pau"]
[Date "2008.08.17"]
[Round "6"]
[White "Fejzovski, Ekrem"]
[Black "Marcantoni, Herve"]
[Result "0-1"]
[WhiteElo "2093"]
[BlackElo "2198"]
[PlyCount "80"]
[EventDate "2008.08.11"]
[EventType "swiss"]
[EventRounds "9"]
[EventCountry "FRA"]
[SourceTitle "CBM 126 Extra"]
[Source "ChessBase"]
[SourceDate "2008.11.05"]
[SourceVersion "1"]
[SourceVersionDate "2008.11.05"]
[SourceQuality "1"]

1. e4 c5 2. d4 cxd4 3. c3 Nf6 4. e5 Nd5 5. cxd4 e6 6. Nc3 Nxc3 7. bxc3 Qc7 8. Bd2 d6 9. f4 Be7 10. Nf3 Nd7 11. Bd3 0-0 12. 0-0 b6 13. Ng5 Bxg5 14. exd6 Qxd6 15. fxg5 Bb7 16. Rf4 g6 17. Rh4 e5 18. Qg4 Rfe8 19. Rf1 Bd5 20. Qg3 Qc6 21. a4 Qe6 22. Bb5 Bc6 23. Qf2 Rac8 24. Ba6 Rcd8 25. c4 exd4 26. Rxd4 Nc5 27. Bb5 Rxd4 28. Qxd4 Nb3 29. Qf2 Nxd2 30. Bxc6 Qxc6 31. Qxd2 Qc5+ 32. Kh1 Qxc4 33. Ra1 a6 34. Qb2 Qxa4 35. Rf1 Qc4 36. Rg1 b5 37. h3 b4 38. Qf6 a5 39. Rd1 a4 40. Rd8 Qc1+ 0-1

[Event "FRA-ch op-A"]
[Site "Pau"]
[Date "2008.08.14"]
[Round "3"]
[White "Marcantoni, Herve"]
[Black "Carrasco, Patrick"]
[Result "1-0"]
[WhiteElo "2198"]
[BlackElo "2087"]
[PlyCount "117"]
[EventDate "2008.08.11"]
[EventType "swiss"]
[EventRounds "9"]
[EventCountry "FRA"]
[SourceTitle "CBM 126 Extra"]
[Source "ChessBase"]
[SourceDate "2008.11.05"]
[SourceVersion "1"]
[SourceVersionDate "2008.11.05"]
[SourceQuality "1"]

1. e4 e5 2. Nf3 Nc6 3. Bb5 a6 4. Ba4 Nf6 5. 0-0 b5 6. Bb3 Bb7 7. Re1 Bc5 8. c3 d6 9. d4 Bb6 10. Be3 0-0 11. Nbd2 Re8 12. Qb1 h6 13. h3 Na5 14. Bc2 c5 15. d5 c4 16. Nf1 Bc8 17. b4 cxb3 18. axb3 Bd7 19. Bd3 Nb7 20. b4 a5 21. Qc2 Rc8 22. Qd2 Bxe3 23. Nxe3 Qb6 24. Reb1 a4 25. Nh2 Rc7 26. Nhg4 Nxg4 27. hxg4 Rec8 28. Ra3 Nd8 29. Rc1 f6 30. Be2 Nf7 31. f3 g6 32. Bd3 Kg7 33. g3 Ng5 34. Kg2 h5 35. f4 Nf7 36. gxh5 gxh5 37. Rh1 Rh8 38. Rh4 Rcc8 39. Be2 exf4 40. gxf4 Rce8 41. Bf3 Rh6 42. Qf2 Qd8 43. Ra1 Qc8 44. Rc1 Rg6+ 45. Kh2 Bg4 46. Bxg4 hxg4 47. Nf5+ Qxf5 48. exf5 g3+ 49. Kg2 gxf2+ 50. fxg6 Kxg6 51. Kxf2 Kf5 52. Kf3 Rc8 53. c4 bxc4 54. Rg1 c3 55. Rh5+ Ng5+ 56. fxg5 fxg5 57. Rhxg5+ Kf6 58. R5g2 Ke5 59. Ke3 1-0

[Event "Val Thorens op 33th"]
[Site "Val Thorens"]
[Date "2007.07.19"]
[Round "6"]
[White "Marcantoni, Herve"]
[Black "Barbier, Thierry"]
[Result "1-0"]
[WhiteElo "2238"]
[BlackElo "1981"]
[PlyCount "45"]
[EventDate "2007.07.14"]
[EventType "swiss"]
[EventRounds "9"]
[EventCountry "FRA"]
[SourceTitle "EXT 2010"]
[Source "ChessBase"]
[SourceDate "2010.11.25"]
[SourceVersion "1"]
[SourceVersionDate "2010.11.25"]
[SourceQuality "1"]

1. Nf3 d5 2. g3 Bg4 3. Bg2 c6 4. 0-0 Nf6 5. c4 e6 6. cxd5 exd5 7. d3 Nbd7 8. Qc2 Be7 9. e4 Bxf3 10. Bxf3 Ne5 11. Bg2 dxe4 12. dxe4 Qd3 13. Qc3 Qxc3 14. Nxc3 Rd8 15. Be3 b6 16. Rad1 0-0 17. h3 Nc4 18. Bc1 Ne5 19. f4 Bc5+ 20. Kh2 Nd3 21. e5 Nh5 22. Ne4 Nf2 23. Rxd8 1-0

[Event "Val Thorens op 33th"]
[Site "Val Thorens"]
[Date "2007.07.18"]
[Round "5"]
[White "Poignot, Quentin"]
[Black "Marcantoni, Herve"]
[Result "1/2-1/2"]
[WhiteElo "1976"]
[BlackElo "2238"]
[PlyCount "46"]
[EventDate "2007.07.14"]
[EventType "swiss"]
[EventRounds "9"]
[EventCountry "FRA"]
[SourceTitle "EXT 2010"]
[Source "ChessBase"]
[SourceDate "2010.11.25"]
[SourceVersion "1"]
[SourceVersionDate "2010.11.25"]
[SourceQuality "1"]

1. e4 c5 2. Nf3 d6 3. d4 cxd4 4. Nxd4 Nf6 5. Nc3 a6 6. Bg5 e6 7. f4 Be7 8. Qf3 Qc7 9. 0-0-0 Nbd7 10. g4 b5 11. Bxf6 Bxf6 12. g5 Bxd4 13. Rxd4 Bb7 14. Bg2 0-0 15. Rhd1 Rac8 16. h4 Nc5 17. a3 Rfd8 18. h5 a5 19. Nxb5 Qb8 20. Nxd6 Bxe4 21. Rxe4 Rxd6 22. Rxd6 Qxd6 23. Re3 Rd8 1/2-1/2

[Event "FRA-chT2 North 0607"]
[Site "France"]
[Date "2007.03.31"]
[Round "10.3"]
[White "Marcantoni, Herve"]
[Black "Onkoud, Abdelaziz"]
[Result "0-1"]
[WhiteElo "2241"]
[BlackElo "2406"]
[PlyCount "58"]
[EventDate "2006.10.15"]
[EventType "team"]
[EventRounds "11"]
[EventCountry "FRA"]
[SourceTitle "EXT 2008"]
[Source "ChessBase"]
[SourceDate "2007.11.25"]
[SourceVersion "1"]
[SourceVersionDate "2007.11.25"]
[SourceQuality "1"]
[WhiteTeam "Cergy Pontoise"]
[BlackTeam "Noisy le Grand"]
[WhiteTeamCountry "FRA"]
[BlackTeamCountry "FRA"]

1. Nf3 g6 2. e4 c5 3. d4 Bg7 4. d5 d6 5. Be2 Na6 6. 0-0 Nc7 7. c4 Bg4 8. Ne1 Bxe2 9. Qxe2 e6 10. f4 Qe7 11. Nf3 exd5 12. cxd5 Nf6 13. Nc3 0-0 14. a4 Rfe8 15. Re1 Qd7 16. Qd3 Na6 17. Re2 Nb4 18. Qc4 b6 19. Ra3 a6 20. Nd2 Rab8 21. Nf1 b5 22. axb5 axb5 23. Qb3 Nd3 24. Ra1 c4 25. Qc2 b4 26. Nd1 Qb5 27. Ng3 h5 28. Nf2 b3 29. Qd1 Nxf2 0-1

[Event "FRA-chT2 North 0607"]
[Site "France"]
[Date "2007.03.18"]
[Round "9.2"]
[White "Bernard, Christophe"]
[Black "Marcantoni, Herve"]
[Result "1-0"]
[WhiteElo "2275"]
[BlackElo "2340"]
[PlyCount "85"]
[EventDate "2006.10.15"]
[EventType "team"]
[EventRounds "11"]
[EventCountry "FRA"]
[SourceTitle "EXT 2008"]
[Source "ChessBase"]
[SourceDate "2007.11.25"]
[SourceVersion "1"]
[SourceVersionDate "2007.11.25"]
[SourceQuality "1"]
[WhiteTeam "Cergy Pontoise"]
[BlackTeam "Evry Grand Roque III"]
[WhiteTeamCountry "FRA"]
[BlackTeamCountry "FRA"]

1. d4 Nf6 2. Nf3 g6 3. c4 Bg7 4. Nc3 0-0 5. e4 d6 6. Be2 e5 7. 0-0 Nc6 8. d5 Ne7 9. Nd2 Nd7 10. b4 f5 11. Qc2 Nf6 12. Rb1 Bd7 13. f3 h5 14. c5 Qe8 15. Nc4 Nc8 16. a4 a6 17. Be3 Kh7 18. b5 fxe4 19. c6 bxc6 20. bxc6 Bf5 21. fxe4 Bg4 22. Bd3 Ne7 23. h3 Bc8 24. a5 Bh6 25. Bxh6 Kxh6 26. Qd2+ g5 27. Nb6 Rb8 28. h4 Nh7 29. Rxf8 Qxf8 30. Rf1 Qg7 31. Nxc8 Rxc8 32. Bxa6 Ra8 33. Bd3 Ng6 34. hxg5+ Nxg5 35. Ne2 Nf4 36. Nxf4 exf4 37. Qxf4 Rxa5 38. e5 Rxd5 39. Qf6+ Qxf6 40. Rxf6+ Kg7 41. exd6 Nh3+ 42. gxh3 Kxf6 43. dxc7 1-0

[Event "FRA-chT2 North 0607"]
[Site "France"]
[Date "2007.03.18"]
[Round "9.1"]
[White "Beudaert, Xavier"]
[Black "Marcantoni, Herve"]
[Result "1-0"]
[WhiteElo "2337"]
[BlackElo "2241"]
[PlyCount "61"]
[EventDate "2006.10.15"]
[EventType "team"]
[EventRounds "11"]
[EventCountry "FRA"]
[SourceTitle "EXT 2008"]
[Source "ChessBase"]
[SourceDate "2007.11.25"]
[SourceVersion "1"]
[SourceVersionDate "2007.11.25"]
[SourceQuality "1"]
[WhiteTeam "Evry Grand Roque III"]
[BlackTeam "Cergy Pontoise"]
[WhiteTeamCountry "FRA"]
[BlackTeamCountry "FRA"]

1. e4 c5 2. Nf3 d6 3. c3 Nf6 4. Be2 Bd7 5. Qc2 Qc7 6. 0-0 g6 7. d3 Bg7 8. Bg5 0-0 9. Nbd2 h6 10. Bh4 e5 11. Nc4 Nc6 12. Ne3 Rac8 13. h3 Be6 14. Nh2 Qd7 15. Qd2 Ne8 16. a3 Nc7 17. Bg3 d5 18. exd5 Nxd5 19. Nxd5 Bxd5 20. Ng4 f5 21. Ne3 Be6 22. f4 g5 23. fxg5 f4 24. gxh6 fxe3 25. Qxe3 Rxf1+ 26. Rxf1 Bf8 27. Qg5+ Kh8 28. Bxe5+ Nxe5 29. Qxe5+ Kg8 30. Rf6 Bf7 31. Bg4 1-0

[Event "FRA-chT2 North 0607"]
[Site "France"]
[Date "2007.01.21"]
[Round "6.2"]
[White "Vaugeois, Cyrille"]
[Black "Marcantoni, Herve"]
[Result "0-1"]
[WhiteElo "2144"]
[BlackElo "2241"]
[PlyCount "56"]
[EventDate "2006.10.15"]
[EventType "team"]
[EventRounds "11"]
[EventCountry "FRA"]
[SourceTitle "EXT 2008"]
[Source "ChessBase"]
[SourceDate "2007.11.25"]
[SourceVersion "1"]
[SourceVersionDate "2007.11.25"]
[SourceQuality "1"]
[WhiteTeam "Gonfreville II"]
[BlackTeam "Cergy Pontoise"]
[WhiteTeamCountry "FRA"]
[BlackTeamCountry "FRA"]

1. e4 c5 2. Nf3 d6 3. d4 cxd4 4. Qxd4 Nc6 5. Bb5 Bd7 6. Bxc6 Bxc6 7. Nc3 e6 8. Bg5 Nf6 9. 0-0-0 Be7 10. Qd3 0-0 11. Nd4 Qc7 12. f4 Rfc8 13. h4 b5 14. Nxc6 Qxc6 15. Qxb5 Qc7 16. Qa4 Rab8 17. Rh3 Qb7 18. b3 Rc5 19. Qd4 Rbc8 20. Rd2 h6 21. Bxf6 Bxf6 22. e5 dxe5 23. Qe4 Qa6 24. Qa4 Qf1+ 25. Nd1 exf4 26. Rf3 Qe1 27. c4 Qe5 28. Rfd3 Ra5 0-1

[Event "FRA-chT2 North 0607"]
[Site "France"]
[Date "2006.11.26"]
[Round "3.7"]
[White "Marcantoni, Herve"]
[Black "Viatte, Robert"]
[Result "1/2-1/2"]
[WhiteElo "2233"]
[BlackElo "2150"]
[PlyCount "62"]
[EventDate "2006.10.15"]
[EventType "team"]
[EventRounds "11"]
[EventCountry "FRA"]
[SourceTitle "EXT 2008"]
[Source "ChessBase"]
[SourceDate "2007.11.25"]
[SourceVersion "1"]
[SourceVersionDate "2007.11.25"]
[SourceQuality "1"]
[WhiteTeam "Cergy Pontoise"]
[BlackTeam "Chalons en Champagne"]
[WhiteTeamCountry "FRA"]
[BlackTeamCountry "FRA"]

1. Nf3 g6 2. e4 Bg7 3. d4 d6 4. Nc3 Nf6 5. h3 0-0 6. Be3 Nc6 7. d5 Nb8 8. Be2 c6 9. 0-0 a5 10. a4 Na6 11. Nd4 Bd7 12. Qd2 Nc5 13. Bf3 Qc8 14. Rfe1 Re8 15. Bf4 Na6 16. dxc6 bxc6 17. e5 dxe5 18. Bxe5 Nb4 19. Na2 Nfd5 20. Bxg7 Kxg7 21. c4 Nf6 22. Nxb4 axb4 23. Re5 Rb8 24. Rae1 c5 25. Nb5 Be6 26. b3 Nd7 27. R5e3 Nf8 28. Rd1 Bd7 29. Rde1 Be6 30. Rd1 Bd7 31. Rde1 Be6 1/2-1/2

[Event "Val Thorens op 32nd"]
[Site "Val Thorens"]
[Date "2006.07.21"]
[Round "7"]
[White "Marcantoni, Herve"]
[Black "Triger, Franck"]
[Result "1/2-1/2"]
[WhiteElo "2250"]
[BlackElo "2085"]
[PlyCount "27"]
[EventDate "2006.07.15"]
[EventType "swiss"]
[EventRounds "9"]
[EventCountry "FRA"]
[SourceTitle "EXT 2010"]
[Source "ChessBase"]
[SourceDate "2010.11.25"]
[SourceVersion "1"]
[SourceVersionDate "2010.11.25"]
[SourceQuality "1"]

1. Nf3 d5 2. g3 c6 3. Bg2 Nf6 4. 0-0 Bf5 5. b3 e6 6. Bb2 Be7 7. d3 h6 8. Nbd2 0-0 9. Qe1 a5 10. a4 Na6 11. e4 Bh7 12. Qe2 Nb4 13. Rac1 Na2 14. Ra1 1/2-1/2

[Event "Val Thorens op 32nd"]
[Site "Val Thorens"]
[Date "2006.07.18"]
[Round "4"]
[White "Solodovnichenko, Yuri"]
[Black "Marcantoni, Herve"]
[Result "1-0"]
[WhiteElo "2537"]
[BlackElo "2250"]
[PlyCount "71"]
[EventDate "2006.07.15"]
[EventType "swiss"]
[EventRounds "9"]
[EventCountry "FRA"]
[SourceTitle "EXT 2010"]
[Source "ChessBase"]
[SourceDate "2010.11.25"]
[SourceVersion "1"]
[SourceVersionDate "2010.11.25"]
[SourceQuality "1"]

1. e4 c5 2. Nc3 Nc6 3. Nf3 g6 4. d4 cxd4 5. Nxd4 Bg7 6. Be3 Nf6 7. Bc4 0-0 8. Bb3 d6 9. f3 Bd7 10. Qd2 Rc8 11. 0-0-0 Ne5 12. Kb1 Re8 13. Rhe1 Nc4 14. Bxc4 Rxc4 15. Nb3 Qb8 16. Bd4 b5 17. e5 b4 18. exf6 Rxd4 19. Nxd4 bxc3 20. Qxc3 Bxf6 21. Qa5 Rc8 22. Re3 Be6 23. Rc3 Bc4 24. Ra3 a6 25. Ra4 d5 26. g3 e5 27. Rb4 Qa8 28. Nb3 d4 29. Nd2 Be2 30. Re1 Qc6 31. Qa4 Bb5 32. Qb3 Bg5 33. f4 Qg2 34. Nf3 d3 35. Nxg5 dxc2+ 36. Kc1 1-0

[Event "Paris-ch op"]
[Site "Paris"]
[Date "2002.07.13"]
[Round "8"]
[White "David, Alberto"]
[Black "Marcantoni, Herve"]
[Result "1-0"]
[WhiteElo "2511"]
[BlackElo "2257"]
[PlyCount "67"]
[EventDate "2002.07.06"]
[EventType "swiss"]
[EventRounds "9"]
[EventCountry "FRA"]
[SourceTitle "CBM 089 Extra"]
[Source "ChessBase"]
[SourceDate "2002.09.10"]
[SourceVersion "2"]
[SourceVersionDate "2002.09.10"]
[SourceQuality "1"]

1. Nf3 Nf6 2. c4 g6 3. g3 Bg7 4. Bg2 0-0 5. 0-0 d6 6. Nc3 e5 7. d3 Nc6 8. Rb1 a5 9. a3 Be6 10. b4 axb4 11. axb4 Qc8 12. Re1 h6 13. b5 Ne7 14. Bb2 Bh3 15. Bh1 Ng4 16. Qb3 Rb8 17. Ba3 b6 18. Rbd1 Qe6 19. e4 Kh8 20. d4 f6 21. Bg2 Bxg2 22. Kxg2 f5 23. h3 Nxf2 24. Kxf2 fxe4 25. Nxe4 Qxh3 26. Rh1 Qf5 27. Rde1 exd4 28. Kg2 Rbe8 29. Bxd6 Qd7 30. Bxe7 Rxe7 31. Qd3 Ra8 32. Ned2 Qe8 33. Rxe7 Qxe7 34. Re1 1-0

[Event "FRA-chT"]
[Site "France"]
[Date "1996.??.??"]
[Round "?"]
[White "Marcantoni, Herve"]
[Black "Eliet, Renaud"]
[Result "1/2-1/2"]
[WhiteElo "2255"]
[BlackElo "2165"]
[PlyCount "50"]
[EventDate "1996.??.??"]
[EventType "team"]
[EventRounds "11"]
[EventCountry "FRA"]
[SourceTitle "CBM 055 Extra"]
[Source "ChessBase"]
[SourceDate "1997.01.01"]
[SourceVersion "1"]
[SourceVersionDate "1997.01.01"]
[SourceQuality "1"]

1. e4 c6 2. d4 d5 3. Nc3 dxe4 4. Nxe4 Nf6 5. Nxf6+ gxf6 6. c3 Bf5 7. Nf3 e6 8. g3 Nd7 9. Bg2 Be4 10. 0-0 Be7 11. Re1 f5 12. Bf4 Rg8 13. Qb3 Qb6 14. Nd2 Bxg2 15. Kxg2 Nf6 16. Nc4 Qxb3 17. axb3 Nd5 18. Bd2 a6 19. Na5 0-0-0 20. Nc4 Bf6 21. Ne5 Bxe5 22. Rxe5 Nc7 23. Re2 Nd5 24. Ree1 Rg6 25. Rad1 h5 1/2-1/2

[Event "Cannes Martinez op"]
[Site "Cannes"]
[Date "1995.??.??"]
[Round "4"]
[White "Birens, Eric Andre"]
[Black "Marcantoni, Herve"]
[Result "1-0"]
[WhiteElo "2140"]
[BlackElo "2310"]
[PlyCount "75"]
[EventDate "1995.07.??"]
[EventType "swiss"]
[EventRounds "9"]
[EventCountry "FRA"]
[SourceTitle "EXT 1998"]
[Source "ChessBase"]
[SourceDate "1997.11.17"]
[SourceVersion "1"]
[SourceVersionDate "1997.11.17"]
[SourceQuality "1"]

1. d4 Nf6 2. c4 g6 3. Nc3 Bg7 4. e4 d6 5. f4 0-0 6. Nf3 c5 7. d5 e6 8. Be2 a6 9. a4 exd5 10. cxd5 b5 11. e5 dxe5 12. fxe5 Ng4 13. Bg5 f6 14. exf6 Bxf6 15. Qd2 Bf5 16. axb5 Ra7 17. Bxf6 Qxf6 18. 0-0 Qb6 19. Bc4 Qd6 20. bxa6 Rxa6 21. Rxa6 Nxa6 22. Nb5 Qd7 23. h3 Nf6 24. Ne5 Qg7 25. d6+ Kh8 26. d7 Nxd7 27. Nxd7 Rd8 28. Qa5 Qxd7 29. Qxa6 Qe7 30. Qa3 h5 31. Qc3+ Kh7 32. Re1 Qh4 33. Bf1 Bd3 34. Bxd3 Rxd3 35. Qe5 Rd2 36. Rf1 Rd7 37. Rf8 Rg7 38. Qe8 1-0

[Event "Cannes Martinez op"]
[Site "Cannes"]
[Date "1995.??.??"]
[Round "2"]
[White "De Lagontrie, Jean"]
[Black "Marcantoni, Herve"]
[Result "0-1"]
[WhiteElo "2085"]
[BlackElo "2310"]
[PlyCount "60"]
[EventDate "1995.07.??"]
[EventType "swiss"]
[EventRounds "9"]
[EventCountry "FRA"]
[SourceTitle "EXT 1998"]
[Source "ChessBase"]
[SourceDate "1997.11.17"]
[SourceVersion "1"]
[SourceVersionDate "1997.11.17"]
[SourceQuality "1"]

1. d4 Nf6 2. c4 g6 3. Nc3 Bg7 4. e4 d6 5. f4 0-0 6. Nf3 c5 7. d5 b5 8. e5 dxe5 9. fxe5 Ng4 10. cxb5 e6 11. Bg5 f6 12. exf6 Bxf6 13. Bxf6 Qxf6 14. Qd2 exd5 15. 0-0-0 d4 16. Bc4+ Kh8 17. Nd5 Qd6 18. h3 Nf6 19. Nxf6 Rxf6 20. Rde1 Nd7 21. Re8+ Nf8 22. Rhe1 Bb7 23. Ng5 Rxe8 24. Rxe8 Bd5 25. b3 Bxc4 26. bxc4 Rf1+ 27. Kb2 Qg3 28. Nf3 Kg7 29. Ka3 a6 30. Ra8 Rxf3+ 0-1

[Event "Cannes Martinez op"]
[Site "Cannes"]
[Date "1995.??.??"]
[Round "3"]
[White "Marcantoni, Herve"]
[Black "Daurelle, Herve"]
[Result "1/2-1/2"]
[WhiteElo "2320"]
[BlackElo "2230"]
[PlyCount "78"]
[EventDate "1995.07.??"]
[EventType "swiss"]
[EventRounds "9"]
[EventCountry "FRA"]
[SourceTitle "EXT 1998"]
[Source "ChessBase"]
[SourceDate "1997.11.17"]
[SourceVersion "1"]
[SourceVersionDate "1997.11.17"]
[SourceQuality "1"]

1. e4 e5 2. Nf3 Nc6 3. Bb5 a6 4. Ba4 Nf6 5. 0-0 Be7 6. Re1 b5 7. Bb3 d6 8. c3 0-0 9. d4 exd4 10. cxd4 Bg4 11. Be3 Na5 12. Bc2 c5 13. dxc5 dxc5 14. Nbd2 Qc7 15. Qb1 h6 16. e5 Nd5 17. Bf5 Bxf5 18. Qxf5 Qc8 19. Qh5 Qe6 20. Nh4 Bxh4 21. Qxh4 Nxe3 22. Rxe3 Rad8 23. Nf3 Nc4 24. Re2 Rd5 25. Rae1 Rfd8 26. Qf4 a5 27. h4 a4 28. h5 a3 29. bxa3 Nxa3 30. g4 c4 31. g5 c3 32. gxh6 gxh6 33. Kh2 Rd1 34. Rxd1 Rxd1 35. Nd4 Qd5 36. Qg4+ Kh7 37. Qf5+ Kh8 38. Qc8+ Kh7 39. Qf5+ Kh8 1/2-1/2